000 01719nam a22003017a 4500
005 20111219163727.0
010 _aB-482003-008
020 _a8181469798
_c95.00
020 _a9788181469793
_c95.00
035 _aB-482003-008
037 _bBlue Berry/Ven
082 _aS
100 _aAnnie Basant
_953603
245 _aMala's silver anklets /
_cby Annie Besant; pictures by Nancy Raj
260 _aChennai
_bTulika Publishers
_c2011
270 _a13, Prithvi Avenue, Abhiramaouram
_bChennai
_e600 018
300 _aunpaged
_bill.
_c23cm(pbk)
650 _aStories
_9938
700 _a Raj, Nancy
_937153
942 _2ddc
_cCH
_mANN
_hS
999 _c59647
_d59647